“Jingle Bell Rock” Lyrics - Statistics

General Stats
  • This quiz has been taken 200 times
  • The average score is 41 of 60
Answer Stats
Answer % Correct
bell
99%
Bell
99%
{bell} …
99%
{bell},
99%
Jingle
99%
jingle
99%
rock
98%
{rock}!
98%
a
96%
the
92%
and
90%
bells
78%
time
78%
{time}!
78%
{time},
78%
To
78%
in
75%
In
75%
night
73%
{away}!
72%
It’s
72%
{horse},
70%
right
70%
go
67%
{sleigh}!
67%
swell
67%
up
67%
around
65%
{ring}!
65%
swing
65%
That’s
65%
What
65%
bright
63%
your
62%
{clock}!
61%
{feet} —
61%
{feet}!
61%
has
61%
{air}!
60%
Dancin’
60%
frosty
60%
is
60%
a-mingle
58%
{begun}!
58%
Mix
57%
Snowin’
57%
one-horse
56%
Pick
56%
prancin’
55%
Square
54%
{fun} …
53%
Giddy-up
53%
of
52%
hop
50%
Now
50%
blowin’
49%
chime
49%
jinglin’
49%
bushels
38%
glidin’
35%
No matching quizzes found
Score Distribution
Percent of People with Each Score
Percentile by Number Answered
Your Score History
You have not taken this quiz